Código de Justicia Militar. Anotaciones y concordancias. Índice temático. Títulos de artículos del cuerpo del código y de las normas del apéndice.
Saved in:
| 企業作者: | |
|---|---|
| 其他作者: | |
| 格式: | 未知 |
| 出版: |
Santiago, Chile:
Legal Publishing; Thomson Reuters,
2023.
|
| 版: | Vigésima Tercera Edición. |
| 叢編: | Colección de Códigos 2023
|
| 主題: | |
| 標簽: |
添加標簽
沒有標簽, 成為第一個標記此記錄!
|
MARC
| LEADER | 00000 a2200000 4500 | ||
|---|---|---|---|
| 003 | CL-VaPUC | ||
| 005 | 20250131101844.0 | ||
| 008 | 230314t2023 ||||| |||| 00| 0 eng d | ||
| 999 | |c 440094 |d 440092 | ||
| 020 | |a 978-956-400-318-4 | ||
| 040 | |c Pontificia Universidad Católica de Valparaíso | ||
| 082 | 0 | 4 | |a 343.8301026 CHI 2023 |
| 110 | 1 | |a Chile |9 890760 | |
| 245 | 1 | 0 | |a Código de Justicia Militar. |b Anotaciones y concordancias. Índice temático. Títulos de artículos del cuerpo del código y de las normas del apéndice. |
| 250 | |a Vigésima Tercera Edición. |b Actualizada al 4 de enero de 2023. | ||
| 260 | |a Santiago, Chile: |b Legal Publishing; |b Thomson Reuters, |c 2023. | ||
| 300 | |a 471 páginas. | ||
| 490 | 0 | |a Colección de Códigos 2023 | |
| 505 | |a -Código de Justicia Militar. -Libro Primero. De los Tribunales Militares. -Libro Segundo. Del Procedimiento. -Libro Tercero. De la Penalidad. -Libro Cuarto. Otras Disposiciones. Apéndice: -Decreto Supremo N.º 87. Establece Territorio Jurisdiccional a Juzgados Militares y Fiscalías Militares Letradas Dependientes, crea Fiscalías Militares Letradas que indica y suprime. Fiscalía Militar Letrada de Puerto Montt (D.O. de 4 de septiembre de 2003). -Decreto Supremo N.º 890. Fija texto actualizado de la Ley N.º 12.927, sobre Seguridad del Estado. (D.O. de 26 de agosto de 1975). -Decreto Supremo N.º 400. Fija texto refundido, coordinado y sistematizado de la Ley N.º 17.798, sobre Control de Armas. (D.O. de 12 de septiembre de 1978) -Decreto Ley N.º 2.306. Dicta normas sobre reclutamiento y movilización de las Fuerzas Armadas. (D.O. de 12 de septiembre de 1978) -Decreto Supremo N.º 2.462 exento. Fija tasas de derechos a solicitudes y actuaciones de Decreto N.º 2.306, de 1978, sobre reclutamiento y movilización de las Fuerzas Armadas. (D.O. de 4 de noviembre de 2011) -Ley N.º 18.953. Dicta normas sobre movilización. (D.O. de 9 de marzo de 1990) -Decreto Ley N.º 2.191. Concede amnistía a las personas que indica por los delitos que señala (D. O .de 19 de abril de 1978) -Decreto Supremo N.º 1.445. Reglamento de Disciplina para las Fuerzas Armadas. -Decreto Supremo N.º 1.232. Reglamento de Disciplina de la Armada. -Ley N.º 18.961. Ley Orgánica Constitucional de Carabineros de Chile. (D.O. de 7 de marzo de 1990) -Decreto Supremo N.º 900. Reglamento de Disciplina de Carabineros de Chile, N.º 11. (D.O. de 17 de julio de 1967) -Ley N.º 18.948. Ley Orgánica Constitucional de las Fuerzas Armadas. (D.O. de 27 de febrero de 1990) -Ley N.º 20.357. Tipifica crímenes de lesa humanidad y genocidio y crímenes y delitos de guerra. (D.O. de 18 de julio de 2009) -Ley N.º 20.424. Estatuto Orgánico del Ministerio de Defensa Nacional (D.O. de 4 de febrero de 2010) -Ley N.º 20.477. Modifica Competencia de Tribunales Militares. (D.O. de 30 de diciembre de 2010) | ||
| 583 | |k GC |c 20230314 | ||
| 650 | 1 | |a Derecho militar |9 255065 | |
| 650 | 1 | |a Justicia militar |9 894489 | |
| 650 | 1 | |a Tribunales militares |9 328495 | |
| 650 | 1 | |a Fuerzas Armadas |9 894490 | |
| 650 | 1 | |a Derecho penal militar |9 337951 | |
| 700 | |a Rivera Castro, Juan Francisco |e director |9 814194 | ||
| 942 | |2 ddc |c BK | ||
| 952 | |0 0 |1 0 |2 ddc |4 0 |6 343_830102600000000_CHI_2023 |7 0 |8 A |9 588956 |a BIBDER |b BIBDER |d 2023-03-10 |e 31 |g 0.00 |i 5656601 |o 343.8301026 CHI 2023 |p 5656601 |r 2023-03-10 |t 1 |v 0.00 |w 2023-03-10 |y BK |k DER | ||